Playing football / (Record no. 48299)
| 000 -LEADER | |
|---|---|
| fixed length control field | 00339nam a2200121 4500 |
| 020 ## - INTERNATIONAL STANDARD BOOK NUMBER | |
| International Standard Book Number | 9780241353141 |
| 100 ## - MAIN ENTRY--PERSONAL NAME | |
| Personal name | Astley, Neville |
| 9 (RLIN) | 64423 |
| 245 ## - TITLE STATEMENT | |
| Title | Playing football / |
| Statement of responsibility, etc | Neville Astley, Mark Baker & Ellen Philpott |
| 260 ## - PUBLICATION, DISTRIBUTION, ETC. (IMPRINT) | |
| Place of publication, distribution, etc | UK |
| Name of publisher, distributor, etc | Ladybirds Books |
| Date of publication, distribution, etc | 2018 |
| 300 ## - PHYSICAL DESCRIPTION | |
| Extent | 31 p. |
| Other physical details | col. ill. |
| Dimensions | 23 cm. |
| 490 ## - SERIES STATEMENT | |
| Series statement | Peppa Pig |
| 942 ## - ADDED ENTRY ELEMENTS (KOHA) | |
| Source of classification or shelving scheme | |
| Koha item type | Book |
| Withdrawn status | Lost status | Source of classification or shelving scheme | Damaged status | Not for loan | Home library | Current library | Shelving location | Date acquired | Total Checkouts | Full call number | Barcode | Checked out | Date last seen | Date checked out | Price effective from | Koha item type |
|---|---|---|---|---|---|---|---|---|---|---|---|---|---|---|---|---|
| Asian Hope Early Years Library | Asian Hope Early Years Library | Easy Reading | 02/04/2025 | 18 | X AST | 206917 | 03/31/2026 | 03/31/2026 | 03/31/2026 | 02/04/2025 | Book |